Statistics for Elvis Presley songs by lyrics

Click here to take the quiz!

General Stats

  • This quiz has been taken 406 times
  • The average score is 13 of 25

Answer Stats

HintAnswer% Correct
Warden threw a party in the county jail / The prison band was there and they began to wailJailhouse Rock
89%
Lord Almighty, I feel my temperature rising / Higher higher it's burning through to my soulBurning Love
83%
When they said you was high classed / Well, that was just a lieHound Dog
82%
Like a river flows / Surely to the sea / Darling, so it goes / Some things are meant to beCan't Help Falling in Love
81%
We're caught in a trap / I can't walk out / Because I love you too much babySuspicious Minds
76%
As the snow flies / On a cold and gray Chicago mornin' / A poor little baby child is born / In the ghettoIn the Ghetto
74%
My hands are shaky and my knees are weak / I can't seem to stand on my own two feet / Who do you thank when you have such luck?All Shook Up
71%
Although it's always crowded / You still can find some room / For broken hearted lovers / To cry there in their gloomHeartbreak Hotel
68%
Treat me like a fool / Treat me mean and cruel / But love me / Wring my faithful heart / Tear it all apart / But love meLove Me
66%
I gave a letter to the postman / He put it his sack / Bright and early next morning / He brought my letter backReturn to Sender
65%
You look like an angel / Walk like an angel / Talk like an angel / But I got wise(You're The) Devil In Disguise
63%
I don't wanna be your tiger / Cause tigers play too rough / I don't wanna be your lion 'Cause lions ain't the kind you / Love enough(Let Me Be Your) Teddy Bear
59%
For my darling I love you / And I always willLove Me Tender
57%
A little more bite and a little less bark / A little less fight and a little more spark / Close your mouth and open up your heart and baby satisfy meA Little Less Conversation
54%
Do the chairs in your parlor seem empty and bare? / Do you gaze at your doorstep and picture me there?Are You Lonesome Tonight?
53%
Bright light city gonna set my soul / Gonna set my soul on fireViva Las Vegas
53%
I don't want no other love / Baby it's just you I'm thinking ofDon't Be Cruel
48%
Well a hard headed woman / A soft hearted man / Been the cause of trouble / Ever since the world began.Hard Headed Woman
42%
When no one else can understand me / When everything I do is wrong / You give me love and consolation / You give me hope to carry onThe Wonder of You
36%
Seven lonely days / And a dozen towns ago / I reached out one night / And you were goneKentucky Rain
26%
'Cause once I catch ya and the kissin' starts / A team o' wild horses couldn't tear us apartStuck on You
21%
You do all the livin' / While I do all the givin' / Cause I love you too muchToo Much
21%
When we kiss my heart's on fire / Burning with a strange desire / And I know, each time I kiss you / That your heart's on fire tooSurrender
19%
Hold me close, hold me tight / Make me thrill with delight / Let me know where I stand from the startI Want You, I Need You, I Love You
17%
Babe, you're getting closer / The lights are goin' dim / The sound of your breathin' / Has made the mood I'm inWay Down
14%

Score Distribution

Percentile by Number Answered

Percent of People with Each Score

Your Score History

You have not taken this quiz